01604nam a22003857a 4500003000500000005001700005008004100022010001100063011001100074020001500085035001100100040000900111082002200120110007900142245021000221260004000431300003800471590004100509590004100550590004100591590004100632590004200673650003400715650004000749650002400789650004000813650005000853650004800903901000700951911001500958942001000973949007400983999001901057952014201076CHAP20220329143654.0101209s2000 hu a r 00010 eng d a100113 a101085 a9638351306 a111771 cCHAP10a630.7209439bAg831 aAgricultural Research Institute of the Hungarian Academy of Sciences9210510a50th Anniversary of the Agricultural Research Institute of the Hungarian Academy of Sciences :bscientific meeting june 2-3, 1999c/ por Agricultural Research Institute of the Hungarian Academy of Sciences aHungary :bMartonvásár ,cc2000 a224 p. :bilus., gráfs., tablas aBATCH-UPDb10c20130110lUCH01h0945 aBATCH-UPDb10c20130410lUCH01h0601 aBATCH-UPDb10c20130913lUCH01h2248 aBATCH-UPDb10c20140805lUCH01h1149 aCONVERSIONb10c20130109lUCH01h135514aAgriculturaxHungría.9154114aAgriculturaxInvestigación.9157714aAngiospermas.9579714aBiologíaxClasificación.91277814aFisiología vegetalxInvestigación.94114114aGenética vegetalxInvestigación.947504 aBK aen proceso cLIBRO a630.7209439 Ag83bBCcLIBROd33724002081595eLIBROh113952i111771sb c100113d100113 00102ddc4052708GRALaBCbBCcPP_GRALd2019-12-31fLIBROl0o630.7209439 Ag83p33724002081595r2019-12-31 00:00:00w2019-12-31yLIBRO